Vivre avec une greffe : Accueillir l’autre (notice n° 1513454)
[ vue normale ]
| 000 -LEADER | |
|---|---|
| fixed length control field | 00772cam a2200133 4500500 |
| 005 - DATE AND TIME OF LATEST TRANSACTION | |
| control field | 20251012003838.0 |
| 041 ## - LANGUAGE CODE | |
| Language code of text/sound track or separate title | fre |
| 042 ## - AUTHENTICATION CODE | |
| Authentication code | dc |
| 100 10 - MAIN ENTRY--PERSONAL NAME | |
| Personal name | Stora, Jean-Benjamin |
| Relator term | author |
| 245 00 - TITLE STATEMENT | |
| Title | Vivre avec une greffe : Accueillir l’autre |
| 260 ## - PUBLICATION, DISTRIBUTION, ETC. | |
| Name of publisher, distributor, etc. | Odile Jacob,<br/> |
| Date of publication, distribution, etc. | 2005.<br/> |
| 520 ## - SUMMARY, ETC. | |
| Summary, etc. | Des centaines de milliers de greffes sont effectuées tous les ans dans le monde pour sauver des vies : greffes de rein, de cœur, de foie, de pancréas, de moelle osseuse. • Comment accepter l’autre en soi ? • Quels sont les liens qui unissent le donneur et le receveur ? • Comment s’organise la vie psychique et émotionnelle après la greffe ? |
| 856 41 - ELECTRONIC LOCATION AND ACCESS | |
| Uniform Resource Identifier | <a href="https://shs.cairn.info/vivre-avec-une-greffe--9782738116093?lang=fr&redirect-ssocas=7080">https://shs.cairn.info/vivre-avec-une-greffe--9782738116093?lang=fr&redirect-ssocas=7080</a> |
Pas d'exemplaire disponible.




Réseaux sociaux